Number, the language of science : (Record no. 121782)
[ view plain ]
| 000 -LEADER | |
|---|---|
| fixed length control field | 00813nam a2200253 a 4500 |
| 001 - CONTROL NUMBER | |
| control field | 1542572 |
| 003 - CONTROL NUMBER IDENTIFIER | |
| control field | ARRUPE |
| 005 - DATE AND TIME OF LATEST TRANSACTION | |
| control field | 20150421020007.0 |
| 008 - FIXED-LENGTH DATA ELEMENTS--GENERAL INFORMATION | |
| fixed length control field | 851121c19621954enka 001 0 eng d |
| 015 ## - NATIONAL BIBLIOGRAPHY NUMBER | |
| National bibliography number | GB63-6328 |
| 035 ## - SYSTEM CONTROL NUMBER | |
| System control number | (OCoLC)ocm12830666 |
| 040 ## - CATALOGING SOURCE | |
| Original cataloging agency | CDF |
| Transcribing agency | CDF |
| Modifying agency | UKM |
| -- | ZCU |
| 082 04 - DEWEY DECIMAL CLASSIFICATION NUMBER | |
| Classification number | 512.7 |
| Edition number | 18 |
| 300 ## - PHYSICAL DESCRIPTION | |
| Other physical details | ill. ; |
| Dimensions | 22 cm. |
| 100 1# - MAIN ENTRY--PERSONAL NAME | |
| Personal name | Dantzig, Tobias, |
| Dates associated with a name | 1884-1956. |
| 9 (RLIN) | 14265 |
| 245 10 - TITLE STATEMENT | |
| Title | Number, the language of science : |
| Remainder of title | a critical survey written for the cultured non-mathematician / |
| Statement of responsibility, etc | by Tobias Dantzig. |
| 250 ## - EDITION STATEMENT | |
| Edition statement | 4th ed., rev. and augm. |
| 260 ## - PUBLICATION, DISTRIBUTION, ETC. (IMPRINT) | |
| Place of publication, distribution, etc | London : |
| Name of publisher, distributor, etc | George Allen & Unwin, Ltd., |
| Date of publication, distribution, etc | 1962, c1954. |
| 300 ## - PHYSICAL DESCRIPTION | |
| Extent | ix, 340 p. : |
| 505 0# - FORMATTED CONTENTS NOTE | |
| Formatted contents note | Includes index. |
| 650 #0 - SUBJECT ADDED ENTRY--TOPICAL TERM | |
| Topical term or geographic name as entry element | Number concept. |
| 9 (RLIN) | 14266 |
| 650 #0 - SUBJECT ADDED ENTRY--TOPICAL TERM | |
| Topical term or geographic name as entry element | Arithmetic |
| General subdivision | Foundations. |
| 9 (RLIN) | 14267 |
| 942 ## - ADDED ENTRY ELEMENTS (KOHA) | |
| Source of classification or shelving scheme | Library of Congress Classification |
| Koha item type | Monograph ( Printed materials) |
| Koha issues (borrowed), all copies | 2 |
| Withdrawn status | Lost status | Source of classification or shelving scheme | Damaged status | Not for loan | Collection code | Home library | Current library | Shelving location | Date acquired | Total Checkouts | Full call number | Barcode | Date last seen | Date checked out | Price effective from | Koha item type |
|---|---|---|---|---|---|---|---|---|---|---|---|---|---|---|---|---|
| Library of Congress Classification | Main Collection | ARRUPE LIBRARY | ARRUPE LIBRARY | Main Collection | 20/01/2015 | 2 | QA9.D2 1954 | 46500003195 | 02/07/2019 | 20/04/2015 | 20/01/2015 | Monograph ( Printed materials) |